|
|
|
|
| LEADER |
01881nam a2200349 i 4500 |
| 001 |
37522 |
| 003 |
BD-DhAAL |
| 008 |
211005t2020 nyua b 001 0 eng |
| 010 |
|
|
|a 2018044934
|
| 020 |
|
|
|a 9781605357058
|
| 040 |
|
|
|a DLC
|b eng
|c DLC
|e rda
|d DLC
|d BD-DhAAL
|
| 042 |
|
|
|a pcc
|
| 050 |
0 |
0 |
|a BF455
|b .S3134 2020
|
| 082 |
0 |
0 |
|a 401.9
|2 23
|
| 100 |
1 |
|
|a Sedivy, Julie,
|e author.
|9 42174
|
| 245 |
1 |
0 |
|a Language in mind :
|b an introduction to psycholinguistics /
|c Julie Sedivy
|
| 250 |
|
|
|a Second edition.
|
| 260 |
|
|
|a New York :
|b Oxford University Press,
|c c2020
|
| 300 |
|
|
|a xii, 657 pages :
|b illustrations ;
|c 29 cm.
|
| 504 |
|
|
|a Includes bibliographical references (pages 622-638) and index.
|
| 526 |
|
|
|a ENH
|
| 541 |
|
|
|a Trim Education
|e 37522, 37523, 37524, 41659
|
| 650 |
|
0 |
|a Psycholinguistics.
|9 42175
|
| 650 |
|
0 |
|a Cognition.
|9 42176
|
| 650 |
|
0 |
|a English language.
|9 42177
|
| 852 |
|
|
|a Ayesha Abed Library
|c General Stacks
|
| 942 |
|
|
|2 ddc
|c BK
|
| 999 |
|
|
|c 41551
|d 41551
|
| 952 |
|
|
|0 0
|1 0
|2 ddc
|4 0
|6 401_900000000000000_SED
|7 0
|9 69374
|a BRACUL
|b BRACUL
|c GEN
|d 2021-09-13
|e Trim Education
|g 10825.00
|l 0
|o 401.9 SED
|p 3010037522
|r 2021-09-13
|t 1
|v 10825.00
|w 2021-09-13
|y BK
|x Received during the COVID -19 outbreak vacation
|
| 952 |
|
|
|0 0
|1 0
|2 ddc
|4 0
|6 401_900000000000000_SED
|7 0
|9 69375
|a BRACUL
|b BRACUL
|c GEN
|d 2021-09-13
|e Trim Education
|g 10825.00
|l 0
|o 401.9 SED
|p 3010037523
|r 2021-09-13
|t 2
|v 10825.00
|w 2021-09-13
|y BK
|x Received during the COVID -19 outbreak vacation
|
| 952 |
|
|
|0 0
|1 0
|2 ddc
|4 0
|6 401_900000000000000_SED
|7 0
|9 69376
|a BRACUL
|b BRACUL
|c GEN
|d 2021-09-13
|e Trim Education
|g 10825.00
|l 0
|o 401.9 SED
|p 3010037524
|r 2021-09-13
|t 3
|v 10825.00
|w 2021-09-13
|y BK
|x Received during the COVID -19 outbreak vacation
|
| 952 |
|
|
|0 0
|1 0
|2 ddc
|4 0
|6 401_900000000000000_SED
|7 0
|9 74209
|a BRACUL
|b BRACUL
|c GEN
|d 2023-08-09
|e Trim Education
|g 15990.00
|l 0
|o 401.9 SED
|p 3010041659
|r 2023-08-09
|t 4
|v 15990.00
|w 2023-08-09
|y BK
|